000 00621nam a2200229Ia 4500
003 OSt
005 20220926042732.0
006 a|||||r|||| 00| 0
007 ta
008 220923b |||||||| |||| 00| 0 eng d
037 _cGeneral Book
040 _aRTL
_cRTL
_beng
041 _2eng
_aeng
082 _aX9(J):76:B28, H7;K3
100 _aShepherd Geoffrey S
_9346659
245 0 _aAgricultural price analysis
250 _a5
260 _c1963
650 _aAgriculture Industry - Prices
_9230891
942 _hX9(J):76:B28, H7;K3
_cGB
_2CC
999 _c670453
_d670453